The Esquire treasury : (Record no. 16720)
[ view plain ]
| 000 -LEADER | |
|---|---|
| fixed length control field | 01064cam a22002771 4500 |
| 001 - CONTROL NUMBER | |
| control field | 16720 |
| 003 - CONTROL NUMBER IDENTIFIER | |
| rucl marc code | BD-RjUL |
| 005 - DATE AND TIME OF LATEST TRANSACTION | |
| control field | 20211209000037.0 |
| 008 - FIXED-LENGTH DATA ELEMENTS--GENERAL INFORMATION | |
| fixed length control field | 140215s1954 enk 000 0 eng d |
| 035 ## - SYSTEM CONTROL NUMBER | |
| System control number | (BD-RjUL)16775 |
| System control number | (OCoLC)237065 |
| 040 ## - CATALOGING SOURCE | |
| Original cataloging agency | DLC |
| Transcribing agency | OClW |
| Modifying agency | IU |
| -- | DLC |
| -- | BD-RjUL |
| Language of cataloging | eng |
| 041 ## - LANGUAGE CODE | |
| Language code of text/sound track or separate title | eng |
| 082 00 - DEWEY DECIMAL CLASSIFICATION NUMBER | |
| Edition number | 22 |
| Classification number | 809.04 |
| Author mark and year | ESQ 1954 |
| 110 2# - MAIN ENTRY--CORPORATE NAME | |
| Corporate name or jurisdiction name as entry element | Esquire, inc. |
| 9 (RLIN) | 51650 |
| 245 14 - TITLE STATEMENT | |
| Title | The Esquire treasury : |
| Remainder of title | the best of twenty years of Esquire fact, fiction, and laughter, including seventy-three stories and articles, eighty-four drawings, cartoons, and photographs, by some of the most distinguished American writers, artists, and photographers / |
| Statement of responsibility, etc. | Edited by Arnold Gingrich. |
| 260 ## - PUBLICATION, DISTRIBUTION, ETC. (IMPRINT) | |
| Place of publication, distribution, etc. | London : |
| Name of publisher, distributor, etc. | Simon and Schuster, |
| Date of publication, distribution, etc. | 1954 |
| 300 ## - PHYSICAL DESCRIPTION | |
| Pagination | 601 p. ; |
| Illustrations | illus. |
| 650 #0 - SUBJECT ADDED ENTRY--TOPICAL TERM | |
| Topical term or geographic name as entry element | Literature, Modern |
| Chronological subdivision | 20th century. |
| 9 (RLIN) | 51651 |
| Topical term or geographic name as entry element | American wit and humor. |
| 9 (RLIN) | 51652 |
| Topical term or geographic name as entry element | American wit and humor, Pictorial. |
| 9 (RLIN) | 51653 |
| 700 1# - ADDED ENTRY--PERSONAL NAME | |
| Personal name | Gingrich, Arnold, |
| Relator term | ed. |
| 942 ## - ADDED ENTRY ELEMENTS (KOHA) | |
| Source of classification or shelving scheme | Dewey Decimal Classification |
| Koha item type | Books |
| Lost status | Source of classification or shelving scheme | Damaged status | Not for loan | Collection code | Permanent Location | Current Location | Shelving location | Date acquired | Source of acquisition | Cost, normal purchase price | Total Checkouts | Full call number | Date last seen | Copy number | Koha item type |
|---|---|---|---|---|---|---|---|---|---|---|---|---|---|---|---|
| Dewey Decimal Classification | Not For Loan | Non-fiction | Central Library, University of Rajshahi | Central Library, University of Rajshahi | Reading Room | 07/06/1955 | Allis Book Cor. | 9.00 | 809.04 ESQ 1954 | 15/02/2014 | C-1 | Books |